000 01472cam a2200277 i 4500
001 20464439
005 20240829085358.0
008 180423s2019 flua b 001 0 eng
010 _a 2018018724
020 _a9781138197015
042 _apcc
082 0 0 _a005.82,STI
100 1 _aStinson, Douglas R.
_q(Douglas Robert),
_d1956-
_eauthor.
_9125459
245 1 0 _aCryptography :
_btheory and practice /
_cDouglas R. Stinson, Maura B. Paterson.
250 _aFourth edition.
264 1 _aBoca Raton :
_bCRC Press, Taylor & Francis Group,
_c2019.
300 _axvii, 580 pages :
_billustrations ;
_c26 cm
336 _atext
_btxt
_2rdacontent
337 _aunmediated
_bn
_2rdamedia
338 _avolume
_bnc
_2rdacarrier
505 _aIntroduction to Cryptography (Page-1), Classical Cryptography (Page-15), Shannon’s Theory, Perfect Secrecy (Page-61), Block Ciphers and Stream Ciphers (Page-83), Hash functions and Authentication (Page-137), The RSA Cryptosystem and Factoring Integers (Page-185), Public –key cryptography and discrete logarithms (Page-255), Signatures schemes (Page-309), Post Quantum Cryptography (Page-341), Identification schemes and entity authentication (Page-379), Key Distribution (Page-415), Key agreement scheme (Page-461), Miscellaneous Topics (Page-491).
650 0 _aCoding theory.
_93106
650 0 _aCryptography.
700 1 _aPaterson, Maura B.,
_eauthor.
_9125460
942 _2ddc
_cREF
_h005.82,STI
999 _c611208
_d611208